Olympics medal table - Triathlon - Statistics

General Stats
  • This quiz has been taken 44 times
  • The average score is 12 of 16
Answer Stats
Total Gold Silver Bronze Nation % Correct
4 1 1 2 United States
100%
1 0 0 1 France
98%
5 1 2 2 Australia
95%
8 2 2 3 Great Britain
95%
1 1 0 0 Norway
93%
2 1 1 0 Germany
88%
4 1 1 2 New Zealand
88%
1 0 1 0 Spain
88%
1 0 1 0 Sweden
80%
2 1 1 0 Canada
78%
5 1 1 2 Switzerland
73%
1 0 1 0 Portugal
68%
1 0 0 1 South Africa
65%
1 1 0 0 Austria
55%
1 1 0 0 Bermuda
43%
1 0 0 1 Czech Republic
25%
No matching quizzes found
Score Distribution
Percent of People with Each Score
Percentile by Number Answered
Your Score History
You have not taken this quiz